| 000 | 00343nam a2200133Ia 4500 | ||
|---|---|---|---|
| 008 | 220613s9999||||xx |||||||||||||| ||und|| | ||
| 100 | _aJohn Danziger, Mark zeidel | ||
| 245 | 0 | _aRenal Physiology A Clinical Approach | |
| 250 | _a1st (2012) | ||
| 260 | _bLippincott Williams & Wilkins | ||
| 300 | _a218 | ||
| 650 | _aPhysiology | ||
| 942 | _cPREC | ||
| 999 |
_c9846 _d9846 |
||